000 00331nam a2200133 i 4500
001 bg
100 1 _aSTRZELECKI, J.
245 0 _aUniwersalne systemy sterowania maszyn i urządzeń /
_cJ. Strzelecki.
260 _aWarszawa,
_c1982.
040 _cBPK
041 _apol
942 _cKS
008 s pl f |000 0 pol
999 _c21787
_d21787
856 _uhttp://koha.tu.koszalin.pl/cgi-bin/koha/opac-detail.pl?biblionumber=21787
_yKatalog online BPK